Statistics for 2019-2020 Washington Redskins Current Roster

Click here to take the quiz!

General Stats

  • This quiz has been taken 63 times
  • The average score is 22 of 40

Answer Stats

Hint Answer % Correct
QBDwayne Haskins
100%
RBAdrian Peterson
98%
QBCase Keenum
91%
RBDerrius Guice
89%
QBColt McCoy
85%
TEJordan Reed
81%
RBChris Thompson
77%
CBJosh Norman
77%
QBAlex Smith
72%
LBRyan Kerrigan
72%
TEVernon Davis
70%
CoachJay Gruden
70%
DEJonathan Allen
66%
LBMontez Sweat
64%
SSLandon Collins
62%
TEJeremy Sprinkle
60%
PTress Way
60%
WRPaul Richardson
57%
OLBrandon Scherff
57%
KDustin Hopkins
57%
DTDaron Payne
55%
CBQuinton Dunbar
53%
OLMorgan Moses
49%
WRTrey Quinn
47%
OLDonald Penn
45%
WRKelvin Harmon
40%
OLEreck Flowers
38%
WRCam Sims
38%
LBJon Bostic
36%
DEMatt Ioannidis
36%
OLChase Roullier
36%
FSMontae Nicholson
34%
WRJosh Doctson
34%
CBFabian Moreau
34%
KRDanny Johnson
28%
LBShaun Dion Hamilton
26%
DTTim Settle
23%
CBJimmy Moreland
21%
LSNick Sundberg
19%
CBDominique Rodgers-Cromartie
9%

Score Distribution

Percentile by Number Answered

Percent of People with Each Score

Your Score History

You have not taken this quiz